| 000 | 00000nam##2200000za#4500 |
| 001 | 9.580115 |
| 003 | CaOODSP |
| 005 | 20210624190902 |
| 007 | cr ||||||||||| |
| 008 | 150406|2007||||xxc|||||o f|0| 0 eng|d |
| 022 | |a1488-5387 |
| 040 | |aCaOODSP|beng |
| 043 | |an-cn--- |
| 086 | 1 |aFs97-4/2819E-PDF |
| 110 | 1 |aCanada. |bDepartment of Fisheries and Oceans. |
| 245 | 12|aA review of population trends in length and age of lake whitefish (Coregonus clulpeoformis) harvested from Great Slave Lake between 1972 and 1995 / |h[electronic resource]|cby R.F. Tallman and M.K. Friesen. |
| 260 | |aWinnipeg - Manitoba : |bFisheries and Oceans Canada |c2007. |
| 300 | |a34p.|bfigs., references, tables |
| 490 | 1 |aCanadian manuscript report of fisheries and aquatic sciences|x1488-5387|vNo. 2819 |
| 500 | |aFile reproduced from original print. On t.p.: Central and Arctic Region, Winnipeg, Manitoba. The catalogue number and ISSN for the print edition appear in the PDF version. |
| 546 | |a(Résumés en français) |
| 590 | |a14-14-Supp|b2014-07-24 |
| 720 | 1 |aTallman, R. F. |
| 720 | 1 |aFriesen, M. K. |
| 830 | #0|aCanadian manuscript report of fisheries and aquatic sciences,|x1488-5387|vNo. 2819|w(CaOODSP)9.505211 |
| 856 | 40|ahttp://publications.gc.ca|qPDF|s856 KB|uhttps://publications.gc.ca/collections/collection_2014/mpo-dfo/Fs97-4-2819-eng.pdf|yNo. 2819 |